Gastos y recursos, ese malentendido (Registro nro. 18046)

Detalles MARC
000 -LEADER
fixed length control field 00323 a2200109 4500
001 - CONTROL NUMBER
control field ART_12801
005 - DATE AND TIME OF LATEST TRANSACTION
control field 20260410161733.0
008 - FIXED-LENGTH DATA ELEMENTS--GENERAL INFORMATION
fixed length control field 260409a
100 1# - MAIN ENTRY--PERSONAL NAME
Personal name Rossi, Rodolfo C.
245 10 - TITLE STATEMENT
Title Gastos y recursos, ese malentendido
773 0# - HOST ITEM ENTRY
Title Ejecutivos de finanzas
Related parts - Año 6, Nº 48 (ago. 1988)
Record control number REV2863

No hay ítems disponibles.